Famous Michael's by Picture - Statistics

General Stats
  • This quiz has been taken 142 times
  • The average score is 8 of 12
Answer Stats
Picture Answer % Correct
Michael Jackson
97%
Michael B. Jordan
90%
Michael Jordan
90%
Michelle Obama
89%
Michael J. Fox
83%
Mike Tyson
82%
Michael Phelps
73%
Mike Myers
67%
Mike Pence
53%
Michael Fassbender
50%
Michelle Williams
47%
Miguel
12%
No matching quizzes found
Score Distribution
Percent of People with Each Score
Percentile by Number Answered
Your Score History
You have not taken this quiz